00679nam a2200241 a 4500001001300000003000900013005001700022008004100039020001000080082001600090100002100106245001900127260003500146300000800181500003500189505002400224650002200248700002100270902000800291942000700299952011600306999001500422nice12345678IN_TiNIC20260116011806.0050524s0000 lona grp 000 0 eng  ac10000a269.2bZWE5 aZwemer, Samuel M aCall to Prayer aLondonbMarshal Brothersc0000 a76p aincludes index and biblioraphy2 aBibliography, Notes aEvangelistic Work1 aZwemer, Samuel M bSRS cBK 001040708StackRoom-aHMIbHMId2007-07-16g100.00l0o269.2 ZWE5p07701r2007-07-16v100.00w2005-05-24yBK c3995d3995